000 00516cam a2200181 4500
001 2218563
005 20250617134920.0
008 701208s1970 ilu b 001 0 eng
020 _a0829401989
050 0 0 _aBR50
_b.M64
082 0 0 _a201
100 1 _aMorgan, Everett J.,
_ecomp.
245 1 0 _aChristian witness in the secular city.
_cCompiled and edited by Everett J. Morgan.
260 _aChicago,
_bLoyola University Press
_c[1970]
300 _a12, 352 p.
_c23 cm.
650 0 _aTheology.
942 _2lcc
_cBK
_n0
999 _c6552
_d6552